| 000 | 00541nam a2200193Ia 4500 | ||
|---|---|---|---|
| 003 | GCL | ||
| 008 | 140319s9999 xx 000 0 eng d | ||
| 040 |
_aGCL / _cGCL |
||
| 082 | 0 | 4 |
_a991.474 _bM B |
| 100 | 1 | _aMISIVNAS, ROMVALD G | |
| 245 | 1 | 0 |
_aTHE BALTIC STATES : YEARS OF DEPENDENCE 1940 - 1990 / _cMISIVNAS, ROMVALD G |
| 700 | 1 | _aTAAGEPERA, REIN | |
| 260 |
_a[S.N] : _bHURST AND COMPANY ، _c1993 |
||
| 300 | _a400 P P | ||
| 650 | 0 | 4 | _aHISTORY |
| 650 | 0 | 4 | _aBALTIC STATES |
| 650 | 0 | 4 | _aBALTIC STATES, 1940 - 1990 |
| 942 |
_2ddc _cBK |
||
| 999 |
_c11812 _d11812 |
||